Solidarita a ekvivalence v českém důchodovém systému

Prehľad základných typov dôchodkových systémov. Dôchodkový systém v Českej republike. Finančný vývoj dôchodkového systému. Konštrukcia dôchodku. Ekvivalencia a solidarita.

Saved in:
Bibliographic Details
Main Author: Loužek, Marek
Format: Book Chapter
Language:Czech
Subjects:
Tags: Add Tag
No Tags, Be the first to tag this record!

MARC

LEADER 00000naa$a2200000$$$4500
001 0089450
005 20231107110749.0
041 0 |a cze 
044 |a CZ 
245 1 0 |a Solidarita a ekvivalence v českém důchodovém systému  |c Marek Loužek 
520 |a Prehľad základných typov dôchodkových systémov. Dôchodkový systém v Českej republike. Finančný vývoj dôchodkového systému. Konštrukcia dôchodku. Ekvivalencia a solidarita. 
610 2 0 |a systémy dôchodkové 
610 2 0 |a Česko 
610 2 0 |a reformy dôchodkové 
610 2 0 |a mzdy 
610 2 0 |a dôchodky 
100 1 |a Loužek, Marek